000
00321nam a22001337a 4500
003
PILC
005
20160104123610.0
008
160104b xxu||||| |||| 00| 0 eng d
020
_a
09615719OX
050
_a
HQ 1101
_b
.K35 1985
100
_a
Kennedy, Jan.
245
_a
The venus factor /
_c
Jan Kennedy.
942
_2
lcc
_c
BK
999
_c
289030
_d
289030